[Event "BCF-chT3W 2223 (4NCL)"]
[Site "England"]
[Date "2022.10.22"]
[Round "1.35"]
[White "Jukes, Sam"]
[Black "Whiteside, Robert"]
[Result "1-0"]
[WhiteElo "1975"]
[BlackElo "1832"]
[PlyCount "79"]
[EventDate "2022.10.22"]
[EventType "team-tourn"]
[EventRounds "11"]
[EventCountry "ENG"]
[SourceTitle "EXT 2024"]
[Source "ChessBase"]
[SourceDate "2023.10.10"]
[SourceVersion "1"]
[SourceVersionDate "2023.10.10"]
[SourceQuality "1"]
[WhiteTeam "West is Best II"]
[BlackTeam "MK Phoenix II"]
[WhiteTeamCountry "WLS"]
[BlackTeamCountry "ENG"]

1. e4 e6 2. Nf3 c5 3. d4 cxd4 4. Nxd4 Nc6 5. Nc3 Nf6 6. Nxc6 bxc6 7. e5 Nd5 8. Ne4 Qc7 9. f4 Rb8 10. c4 Bb4+ 11. Bd2 Ne3 12. Qc1 Bxd2+ 13. Qxd2 Nxf1 14. Nd6+ Ke7 15. Rxf1 Qb6 16. f5 f6 17. 0-0-0 Rd8 18. exf6+ gxf6 19. Rf3 Qb4 20. Nxc8+ Rdxc8 21. Qxd7+ Kf8 22. Qd6+ Qxd6 23. Rxd6 exf5 24. Rxf6+ Kg7 25. R3xf5 Rc7 26. Re6 Rd8 27. Rff6 Rf8 28. Rxc6 Rxf6 29. Rxc7+ Kg6 30. Rxa7 Rf1+ 31. Kc2 Rf2+ 32. Kc3 Rxg2 33. Ra6+ Kg5 34. h4+ Kh5 35. Rd6 Rg3+ 36. Rd3 Rg4 37. Rd4 Rg3+ 38. Kb4 Rg2 39. b3 Rxa2 40. c5 1-0

[Event "BCF-chT4S 1920 (4NCL)"]
[Site "England"]
[Date "2020.01.12"]
[Round "4.65"]
[White "Whiteside, Robert"]
[Black "Chilton, James I"]
[Result "1/2-1/2"]
[WhiteElo "1789"]
[BlackElo "1725"]
[PlyCount "107"]
[EventDate "2019.11.09"]
[EventType "team-swiss"]
[EventRounds "11"]
[EventCountry "ENG"]
[SourceTitle "EXT 2022"]
[Source "ChessBase"]
[SourceDate "2021.10.06"]
[SourceVersion "1"]
[SourceVersionDate "2021.10.06"]
[SourceQuality "1"]
[WhiteTeam "MK Phoenix II"]
[BlackTeam "Wessex III"]
[WhiteTeamCountry "ENG"]
[BlackTeamCountry "ENG"]

1. e4 c5 2. d4 cxd4 3. c3 dxc3 4. Nxc3 e6 5. Nf3 a6 6. Bc4 b5 7. Bb3 Bb7 8. Qe2 Nc6 9. 0-0 Bd6 10. e5 Bc7 11. Ne4 Nxe5 12. Nxe5 Bxe5 13. Nc5 Bxh2+ 14. Kxh2 Qc7+ 15. Kg1 Qxc5 16. Be3 Qe7 17. Rac1 Bc6 18. Rfd1 Nh6 19. Bc5 Qg5 20. f3 Nf5 21. Bc2 Ng3 22. Qf2 Ne2+ 23. Qxe2 Qxc5+ 24. Kf1 Qe7 25. Rd4 0-0 26. Kf2 f5 27. Bb3 Rf6 28. Rh4 h6 29. Qe5 Rg6 30. Rh5 Qf6 31. Rxf5 Qxe5 32. Rxe5 Kf7 33. Rd1 Kf6 34. Rde1 Rg5 35. Rxe6+ dxe6 36. Rxe6+ Kf7 37. Rxc6+ Ke7 38. Re6+ Kd7 39. g4 a5 40. Re2 Re8 41. Rd2+ Kc6 42. a4 b4 43. Bc4 Re7 44. b3 g6 45. Rd8 h5 46. Kg3 Rh7 47. Rg8 h4+ 48. Kh3 Rh6 49. Rc8+ Kd7 50. Ra8 Rc5 51. Ra7+ Kc6 52. Ra6+ Kb7 53. Re6 Rh8 54. Rxg6 1/2-1/2

[Event "BCF-chT4S 1920 (4NCL)"]
[Site "England"]
[Date "2019.11.10"]
[Round "2.85"]
[White "Whiteside, Robert"]
[Black "Davidson, Laura"]
[Result "1/2-1/2"]
[WhiteElo "1792"]
[BlackElo "1735"]
[PlyCount "49"]
[EventDate "2019.11.09"]
[EventType "team-swiss"]
[EventRounds "11"]
[EventCountry "ENG"]
[SourceTitle "EXT 2022"]
[Source "ChessBase"]
[SourceDate "2021.10.06"]
[SourceVersion "1"]
[SourceVersionDate "2021.10.06"]
[SourceQuality "1"]
[WhiteTeam "MK Phoenix II"]
[BlackTeam "Throw in the Tal"]
[WhiteTeamCountry "ENG"]
[BlackTeamCountry "ENG"]

1. e4 e5 2. Nf3 Nc6 3. d4 exd4 4. Bc4 Nf6 5. 0-0 Nxe4 6. Re1 d5 7. Bxd5 Qxd5 8. Nc3 Qh5 9. Nxe4 Be6 10. Bg5 Bb4 11. Nxd4 Qxd1 12. Rexd1 Nxd4 13. Rxd4 Be7 14. Re1 Rd8 15. Rxd8+ Kxd8 16. Rd1+ Ke8 17. Bf4 c6 18. Nd6+ Bxd6 19. Bxd6 f6 20. b3 Kf7 21. c4 Re8 22. Kf1 a6 23. Bc5 Bf5 24. f3 a5 25. Kf2 1/2-1/2

[Event "BCF-chT4S 1920 (4NCL)"]
[Site "England"]
[Date "2019.11.09"]
[Round "1.93"]
[White "Deacon, Matthew"]
[Black "Whiteside, Robert"]
[Result "0-1"]
[WhiteElo "1227"]
[BlackElo "1792"]
[PlyCount "106"]
[EventDate "2019.11.09"]
[EventType "team-swiss"]
[EventRounds "11"]
[EventCountry "ENG"]
[SourceTitle "EXT 2022"]
[Source "ChessBase"]
[SourceDate "2021.10.06"]
[SourceVersion "1"]
[SourceVersionDate "2021.10.06"]
[SourceQuality "1"]
[WhiteTeam "Wessex IV"]
[BlackTeam "MK Phoenix II"]
[WhiteTeamCountry "ENG"]
[BlackTeamCountry "ENG"]

1. d4 Nf6 2. c4 c5 3. d5 b5 4. b3 g6 5. Bb2 Bg7 6. Qc2 0-0 7. e3 d6 8. Bd3 bxc4 9. bxc4 Nbd7 10. Nf3 Rb8 11. Nc3 Ba6 12. 0-0 Nxd5 13. cxd5 Bxd3 14. Qxd3 Rxb2 15. Rfb1 Qa5 16. Rxb2 Qxc3 17. Qxc3 Bxc3 18. Rab1 Bxb2 19. Rxb2 Rb8 20. Rxb8+ Nxb8 21. Nd2 Nd7 22. Nc4 Nb6 23. Nxb6 axb6 24. Kf1 Kf8 25. a4 Ke8 26. Ke2 Kd8 27. Kd3 Kc7 28. Kc4 e6 29. e4 e5 30. f3 g5 31. g3 h5 32. h3 Kb7 33. Kb5 Kc7 34. Kc4 Kb8 35. h4 gxh4 36. gxh4 Kc7 37. Kb5 Kb7 38. a5 bxa5 39. Kxa5 c4 40. Kb4 Kb6 41. Kxc4 Ka5 42. Kc3 Kb5 43. Kb3 Kc5 44. Kc3 f6 45. Kd3 Kb4 46. Kd2 Kc4 47. Kc2 f5 48. exf5 Kxd5 49. Kd3 Kc6 50. Kd2 d5 51. Kd3 Kd6 52. Kc3 Ke7 53. Kd3 Kf6 0-1

[Event "BCF-chT4S 1819 (4NCL)"]
[Site "England"]
[Date "2019.05.06"]
[Round "11.96"]
[White "Whiteside, Robert"]
[Black "Matilal, Tamal"]
[Result "1-0"]
[WhiteElo "1807"]
[BlackElo "1419"]
[PlyCount "85"]
[EventDate "2018.11.17"]
[EventType "team-swiss"]
[EventRounds "11"]
[EventCountry "ENG"]
[SourceTitle "EXT 2021"]
[Source "ChessBase"]
[SourceDate "2020.10.23"]
[SourceVersion "1"]
[SourceVersionDate "2020.10.23"]
[SourceQuality "1"]
[WhiteTeam "MK Phoenix II"]
[BlackTeam "Oxford IV"]
[WhiteTeamCountry "ENG"]
[BlackTeamCountry "ENG"]

1. e4 c6 2. d4 d5 3. Nc3 dxe4 4. Nxe4 Bf5 5. Ng3 Bg6 6. h4 h6 7. h5 Bh7 8. Nf3 Nf6 9. Bd3 Bxd3 10. Qxd3 Nbd7 11. Bd2 e6 12. c4 Bd6 13. Ne2 0-0 14. 0-0-0 e5 15. dxe5 Nxe5 16. Nxe5 Bxe5 17. Qf3 Qb6 18. Bc3 Rfe8 19. Nd4 c5 20. Nf5 Qa6 21. Kb1 Qxc4 22. Rh4 Qe6 23. Re1 Qd5 24. Qxd5 Nxd5 25. Bxe5 f6 26. f4 fxe5 27. fxe5 Rad8 28. Rg4 Rd7 29. Nxh6+ Kh7 30. Nf5 Nb4 31. Rge4 Nd3 32. Rd1 Rf8 33. e6 Rd5 34. g4 Nf2 35. Rxd5 Nxe4 36. e7 Re8 37. Rd8 Nf6 38. g5 Rxe7 39. Nxe7 Nxh5 40. Rd7 b5 41. Rxa7 c4 42. Rb7 Nf4 43. Rxb5 1-0

[Event "BCF-chT4S 1819 (4NCL)"]
[Site "England"]
[Date "2019.04.14"]
[Round "8.93"]
[White "Whiteside, Robert"]
[Black "Hedger, Alec"]
[Result "1/2-1/2"]
[WhiteElo "1807"]
[BlackElo "1727"]
[PlyCount "133"]
[EventDate "2018.11.17"]
[EventType "team-swiss"]
[EventRounds "11"]
[EventCountry "ENG"]
[SourceTitle "EXT 2021"]
[Source "ChessBase"]
[SourceDate "2020.10.23"]
[SourceVersion "1"]
[SourceVersionDate "2020.10.23"]
[SourceQuality "1"]
[WhiteTeam "MK Phoenix II"]
[BlackTeam "Sussex Martlets III"]
[WhiteTeamCountry "ENG"]
[BlackTeamCountry "ENG"]

1. e4 c5 2. d4 cxd4 3. c3 Nf6 4. e5 Nd5 5. cxd4 d6 6. Nf3 Nc6 7. Be2 Bg4 8. 0-0 e6 9. Re1 Qc7 10. Bg5 Be7 11. Bxe7 Ndxe7 12. Nbd2 d5 13. Rc1 Qb6 14. Nb3 Bxf3 15. Bxf3 Nf5 16. Qd2 Nfxd4 17. Bd1 0-0 18. Rc3 f6 19. Nxd4 Nxd4 20. Rd3 Nc6 21. Rb3 Qc7 22. exf6 Rxf6 23. Bg4 Qf7 24. Rbe3 e5 25. Bd1 Kh8 26. Bb3 Rd8 27. Rd1 Rfd6 28. Rf3 Qe7 29. Rh3 Nd4 30. Qd3 h6 31. f4 Nxb3 32. fxe5 Qxe5 33. Qxb3 Rb6 34. Qa3 Rxb2 35. Re3 Qf6 36. Rf3 Qb6+ 37. Kh1 Qb4 38. Qxa7 Rb1 39. Rff1 Rxd1 40. Rxd1 d4 41. h3 d3 42. Qe3 d2 43. a3 Qa5 44. Kh2 Qc7+ 45. Kh1 Qd6 46. Qf3 Rd7 47. Qc3 Qd3 48. Qxd3 Rxd3 49. Kg1 b5 50. Kf2 Rxa3 51. Rxd2 Ra8 52. Rb2 Rb8 53. Ke3 g6 54. Kd4 Kg7 55. Rf2 b4 56. Kc4 b3 57. Kc3 g5 58. Kb2 Kg6 59. g4 h5 60. gxh5+ Kxh5 61. Rf7 Kh4 62. Rh7+ Kg3 63. Rh5 Kf4 64. Rh7 Kf5 65. Rf7+ Ke4 66. Rg7 Rb5 67. h4 1/2-1/2

[Event "BCF-chT4S 1718 (4NCL)"]
[Site "England"]
[Date "2018.03.25"]
[Round "8.75"]
[White "Whiteside, Robert"]
[Black "Cook, John"]
[Result "0-1"]
[WhiteElo "1817"]
[BlackElo "1795"]
[PlyCount "88"]
[EventDate "2017.11.11"]
[EventType "team-swiss"]
[EventRounds "11"]
[EventCountry "ENG"]
[SourceTitle "EXT 2020"]
[Source "ChessBase"]
[SourceDate "2019.10.17"]
[SourceVersion "1"]
[SourceVersionDate "2019.10.17"]
[SourceQuality "1"]
[WhiteTeam "MK Phoenix II"]
[BlackTeam "KJCA Young Kestrels"]
[WhiteTeamCountry "ENG"]
[BlackTeamCountry "ENG"]

1. e4 c5 2. d4 cxd4 3. c3 Nf6 4. e5 Nd5 5. cxd4 e6 6. Nf3 b6 7. Bd3 Bb7 8. 0-0 d6 9. Qe2 Nd7 10. Na3 dxe5 11. Nxe5 a6 12. Re1 Be7 13. Nac4 b5 14. Qf3 N7f6 15. Ne3 0-0 16. N3g4 Nxg4 17. Qxg4 Nf6 18. Qh4 g6 19. Bh6 Re8 20. Rad1 Qd5 21. f3 Qxa2 22. Bg5 Nd5 23. Nxf7 Bxg5 24. Nxg5 Nf6 25. Qf4 Rf8 26. Nxe6 Nh5 27. Qg5 Rf6 28. Nc7 Raf8 29. d5 Nf4 30. Be4 Qxb2 31. Ne6 R8f7 32. Nxf4 Rxf4 33. Bxg6 hxg6 34. Re8+ Kg7 35. d6 Bc6 36. Rc8 Bd7 37. Rc7 Qe2 38. Rdc1 Qd2 39. Qe5+ R4f6 40. R1c6 Qd1+ 41. Kf2 Qb3 42. Rxa6 Qe6 43. Qd4 g5 44. Ra3 Qxd6 0-1

[Event "BCF-chT4S 1718 (4NCL)"]
[Site "England"]
[Date "2018.03.24"]
[Round "7.85"]
[White "Whiteside, Robert"]
[Black "Ribbands, Patrick C"]
[Result "1-0"]
[WhiteElo "1817"]
[BlackElo "1735"]
[PlyCount "63"]
[EventDate "2017.11.11"]
[EventType "team-swiss"]
[EventRounds "11"]
[EventCountry "ENG"]
[SourceTitle "EXT 2020"]
[Source "ChessBase"]
[SourceDate "2019.10.17"]
[SourceVersion "1"]
[SourceVersionDate "2019.10.17"]
[SourceQuality "1"]
[WhiteTeam "MK Phoenix II"]
[BlackTeam "Poisoned Pawns II"]
[WhiteTeamCountry "ENG"]
[BlackTeamCountry "ENG"]

1. e4 c6 2. d4 d5 3. Nc3 dxe4 4. Nxe4 Bf5 5. Ng3 Bg6 6. h4 h6 7. Nf3 e6 8. Bd3 Bxd3 9. Qxd3 Nf6 10. Bd2 Nbd7 11. 0-0 Be7 12. Rfe1 0-0 13. c4 Re8 14. Bc3 c5 15. d5 exd5 16. cxd5 Nb6 17. Re5 Nfxd5 18. Rae1 Qd7 19. Qf5 Qxf5 20. Nxf5 Kf8 21. Nxg7 Kxg7 22. Rxe7+ Nxc3 23. Rxe8 Rxe8 24. Rxe8 Nxa2 25. Rb8 Nc4 26. Rxb7 Nb4 27. Rxa7 Nxb2 28. Ne5 Kf6 29. Nxf7 c4 30. Nd6 Ke5 31. Nxc4+ Nxc4 32. Ra4 1-0

[Event "BCF-chT4S 1617 (4NCL)"]
[Site "England"]
[Date "2017.05.01"]
[Round "11.26"]
[White "Tselos, Aristotelis"]
[Black "Whiteside, Robert"]
[Result "0-1"]
[WhiteElo "1757"]
[BlackElo "1824"]
[PlyCount "114"]
[EventDate "2016.11.26"]
[EventType "team-swiss"]
[EventRounds "11"]
[EventCountry "ENG"]
[SourceTitle "EXT 2019"]
[Source "ChessBase"]
[SourceDate "2018.10.10"]
[SourceVersion "1"]
[SourceVersionDate "2018.10.10"]
[SourceQuality "1"]
[WhiteTeam "Oxford II"]
[BlackTeam "MK Phoenix II"]
[WhiteTeamCountry "ENG"]
[BlackTeamCountry "ENG"]

1. e4 e6 2. d4 d5 3. Nd2 c5 4. c3 Nc6 5. Bb5 Bd7 6. Bxc6 Bxc6 7. e5 Ne7 8. Ne2 Nf5 9. Ng3 cxd4 10. Nxf5 dxc3 11. bxc3 exf5 12. Nf3 Bc5 13. Nd4 Qd7 14. 0-0 0-0 15. Qf3 Bxd4 16. cxd4 f6 17. Ba3 Rf7 18. Rfe1 Re8 19. Qe2 fxe5 20. dxe5 Qe6 21. Qe3 f4 22. Qh3 Qxh3 23. gxh3 Rf5 24. h4 Rfxe5 25. Rxe5 Rxe5 26. Bd6 Rf5 27. f3 Rh5 28. Bxf4 Rxh4 29. Bg3 Rc4 30. Rd1 Rc3 31. f4 Rc2 32. a3 Rc3 33. Ra1 d4 34. Bf2 d3 35. Bd4 Rc2 36. Rd1 Rg2+ 37. Kf1 Rxh2 38. Bxa7 Ra2 39. Be3 Rxa3 40. Kf2 Be4 41. Rd2 Kf7 42. Rb2 Kg6 43. Kg1 b5 44. Rxb5 Ra2 45. Rb6+ Kh5 46. Re6 Bf5 47. Re5 g6 48. Rd5 Kg4 49. Bf2 d2 50. Kf1 Kf3 51. Kg1 Ra1+ 52. Kh2 d1Q 53. Rxd1 Rxd1 54. Bg1 Rd2+ 55. Bf2 Rxf2+ 56. Kh1 Ra2 57. Kg1 h5 0-1

[Event "BCF-chT4S 1617 (4NCL)"]
[Site "England"]
[Date "2017.04.29"]
[Round "9.26"]
[White "Whiteside, Robert"]
[Black "Pollack, Oscar"]
[Result "0-1"]
[WhiteElo "1824"]
[BlackElo "2042"]
[PlyCount "118"]
[EventDate "2016.11.26"]
[EventType "team-swiss"]
[EventRounds "11"]
[EventCountry "ENG"]
[SourceTitle "EXT 2019"]
[Source "ChessBase"]
[SourceDate "2018.10.10"]
[SourceVersion "1"]
[SourceVersionDate "2018.10.10"]
[SourceQuality "1"]
[WhiteTeam "MK Phoenix II"]
[BlackTeam "Barnet Knights"]
[WhiteTeamCountry "ENG"]
[BlackTeamCountry "ENG"]

1. e4 e6 2. d4 d5 3. Be3 dxe4 4. Nd2 Nf6 5. f3 exf3 6. Ngxf3 Be7 7. Bd3 0-0 8. 0-0 Nbd7 9. Ne5 Nd5 10. Qh5 N7f6 11. Qf3 Nxe3 12. Qxe3 c5 13. c3 cxd4 14. cxd4 h6 15. Ne4 Nd5 16. Qf2 f5 17. Nc3 Bf6 18. Bc4 Bxe5 19. dxe5 Nxc3 20. bxc3 Qc7 21. Qe2 b5 22. Bxb5 Qxc3 23. Rac1 Qd4+ 24. Kh1 Bb7 25. Rc7 Bd5 26. Bc4 Rac8 27. Bxd5 Rxc7 28. Bxe6+ Kh8 29. Bxf5 Rcf7 30. g4 Qd5+ 31. Kg1 Qd4+ 32. Kh1 Re7 33. e6 Qf6 34. Re1 Rfe8 35. Qe3 Kg8 36. Rf1 Rf8 37. Re1 g6 38. Bc2 Kh7 39. Kg2 Qf4 40. Qe2 Rd8 41. Rd1 Rxd1 42. Qxd1 Kg7 43. Bb3 Qe4+ 44. Kg3 Qe3+ 45. Kg2 Qe4+ 46. Kg3 h5 47. gxh5 gxh5 48. Qd6 Kf6 49. Qd8 Qg4+ 50. Kf2 Qh4+ 51. Ke3 Kg7 52. Qd6 Qe1+ 53. Kf3 Qf1+ 54. Ke3 Qf6 55. Qg3+ Kh6 56. Qd6 Rg7 57. Qb8 Qc3+ 58. Ke4 Rg4+ 59. Kf5 Qf3+ 0-1

[Event "BCF-chT4S 1617 (4NCL)"]
[Site "England"]
[Date "2017.03.19"]
[Round "8.36"]
[White "Whiteside, Robert"]
[Black "Towers, Nigel S"]
[Result "1/2-1/2"]
[WhiteElo "1824"]
[BlackElo "1800"]
[PlyCount "35"]
[EventDate "2016.11.26"]
[EventType "team-swiss"]
[EventRounds "11"]
[EventCountry "ENG"]
[SourceTitle "EXT 2019"]
[Source "ChessBase"]
[SourceDate "2018.10.10"]
[SourceVersion "1"]
[SourceVersionDate "2018.10.10"]
[SourceQuality "1"]
[WhiteTeam "MK Phoenix II"]
[BlackTeam "CSC Rhinos"]
[WhiteTeamCountry "ENG"]
[BlackTeamCountry "ENG"]

1. e4 c6 2. d4 d5 3. exd5 cxd5 4. c4 Nf6 5. Nc3 Nc6 6. Nf3 Bg4 7. cxd5 Nxd5 8. Bc4 e6 9. Be3 Bb4 10. Rc1 Qa5 11. 0-0 Bxc3 12. bxc3 0-0 13. Bd3 Nf6 14. Rb1 Qc7 15. Bg5 Nd5 16. Bd2 Nf6 17. Bg5 Nd5 18. Bd2 1/2-1/2

[Event "Milton Keynes 4NCL Major op 11th"]
[Site "Milton Keynes"]
[Date "2016.11.04"]
[Round "1.6"]
[White "Whiteside, Robert"]
[Black "Taylor, Robert Keith"]
[Result "0-1"]
[WhiteElo "1803"]
[BlackElo "1946"]
[PlyCount "72"]
[EventDate "2016.11.04"]
[EventType "swiss"]
[EventRounds "5"]
[EventCountry "ENG"]
[SourceTitle "EXT 2023"]
[Source "ChessBase"]
[SourceDate "2022.10.05"]
[SourceVersion "1"]
[SourceVersionDate "2022.10.05"]
[SourceQuality "1"]

1. e4 c5 2. d4 cxd4 3. c3 dxc3 4. Nxc3 e6 5. Nf3 Nc6 6. Bc4 Qc7 7. Qe2 Nf6 8. 0-0 Ng4 9. Nb5 Qb8 10. h3 Nge5 11. Bf4 a6 12. Nxe5 Nxe5 13. Nc3 Bd6 14. Bb3 Nf3+ 15. Qxf3 Bxf4 16. Rad1 b6 17. Rfe1 Be5 18. Rd3 Ra7 19. Qh5 0-0 20. g3 g6 21. Qg5 Bg7 22. e5 f6 23. exf6 Bxf6 24. Qd2 d5 25. Ne2 Raf7 26. f4 b5 27. f5 gxf5 28. Nf4 Bg5 29. Qf2 Bxf4 30. gxf4 Rg7+ 31. Kh1 Rf6 32. Qh4 d4 33. Rxd4 Bb7+ 34. Bd5 Bxd5+ 35. Rxd5 Qa8 36. Red1 Rf8 0-1

[Event "BCF-chT3Sb 1516 (4NCL)"]
[Site "England"]
[Date "2015.11.15"]
[Round "2.99"]
[White "Whiteside, Robert"]
[Black "Adaway, William"]
[Result "0-1"]
[WhiteElo "1821"]
[BlackElo "1953"]
[PlyCount "96"]
[EventDate "2015.11.14"]
[EventType "team-swiss"]
[EventRounds "7"]
[EventCountry "ENG"]
[SourceTitle "CBM 169 Extra"]
[Source "ChessBase"]
[SourceDate "2015.12.18"]
[SourceVersion "1"]
[SourceVersionDate "2015.12.18"]
[SourceQuality "1"]

1. e4 c5 2. d4 cxd4 3. c3 dxc3 4. Nxc3 e6 5. Nf3 Bc5 6. Bc4 Ne7 7. 0-0 Ng6 8. Qe2 Nc6 9. Rd1 a6 10. Bg5 Be7 11. Be3 b5 12. Bb3 0-0 13. Rac1 Na5 14. Nd4 Nxb3 15. axb3 Bb7 16. f4 Bb4 17. f5 exf5 18. exf5 Ne7 19. Qg4 Qb6 20. Nc2 Bc5 21. Bxc5 Qxc5+ 22. Nd4 Qe5 23. f6 Qxf6 24. Qxd7 Bc8 25. Qc7 Ng6 26. Nc6 Bf5 27. Nd5 Qe6 28. Nde7+ Nxe7 29. Nxe7+ Kh8 30. Rd6 Qe3+ 31. Kh1 Be6 32. Rcd1 Qa7 33. Qxa7 Rxa7 34. Nc6 Raa8 35. b4 g6 36. Nd8 Re8 37. h4 Ra7 38. Kh2 Kg7 39. Kg3 h5 40. Kf4 Bf5 41. Nc6 Rc7 42. Ne5 Rce7 43. Nf3 Re4+ 44. Kg3 Rg4+ 45. Kf2 Rxb4 46. Rxa6 Rxb2+ 47. Kg3 Re4 48. Nd4 Bg4 0-1

[Event "RE-2015-0-00152"]
[Site "LSS email"]
[Date "2015.04.20"]
[Round "?"]
[White "Demetriades, Jenny"]
[Black "Whiteside, Robert"]
[Result "1-0"]
[WhiteElo "800"]
[BlackElo "1584"]
[PlyCount "81"]
[EventDate "2015.01.25"]
[EventType "tourn (corr)"]
[EventRounds "6"]
[EventCountry "GER"]
[SourceTitle "Corr 2022"]
[Source "ChessBase"]
[SourceDate "2021.10.24"]
[SourceVersion "1"]
[SourceVersionDate "2021.10.24"]
[SourceQuality "1"]

1. d4 Nf6 2. Nf3 e6 3. Nbd2 c5 4. e3 Nc6 5. Be2 b6 6. 0-0 Bb7 7. b3 Rc8 8. Bb2 cxd4 9. exd4 d5 10. Ne5 Bd6 11. Bd3 0-0 12. a3 Qc7 13. Qe2 Ne7 14. Rac1 Ng6 15. g3 Qe7 16. h4 Rfd8 17. h5 Nf8 18. c4 h6 19. b4 dxc4 20. Rxc4 Bd5 21. Rcc1 N8d7 22. Ba6 Rc7 23. Rxc7 Bxc7 24. Rc1 Nxe5 25. dxe5 Nh7 26. f4 f6 27. Nc4 Qd7 28. exf6 Nxf6 29. Ne3 Bd6 30. Nxd5 Nxd5 31. Re1 Nc7 32. Bc4 a5 33. Qg4 b5 34. Bb3 Bf8 35. Rxe6 Nd5 36. bxa5 Qa7+ 37. Kh1 Qf2 38. Re2 Qf1+ 39. Kh2 Kh8 40. Bxd5 Rxd5 41. Bxg7+ 1-0

[Event "RE-2015-0-00152"]
[Site "LSS email"]
[Date "2015.04.20"]
[Round "?"]
[White "Lonyuk, Bohdan"]
[Black "Whiteside, Robert"]
[Result "0-1"]
[WhiteElo "1222"]
[BlackElo "1584"]
[PlyCount "50"]
[EventDate "2015.01.25"]
[EventType "tourn (corr)"]
[EventRounds "6"]
[EventCountry "GER"]
[SourceTitle "Corr 2022"]
[Source "ChessBase"]
[SourceDate "2021.10.24"]
[SourceVersion "1"]
[SourceVersionDate "2021.10.24"]
[SourceQuality "1"]

1. e4 e5 2. Nf3 Nc6 3. d4 exd4 4. Nxd4 Bc5 5. Nxc6 bxc6 6. Bd3 Qf6 7. Qe2 d6 8. Nc3 Ne7 9. 0-0 0-0 10. Be3 Bb4 11. Bd2 Ng6 12. a3 Ba5 13. Rab1 Qh4 14. b4 Bg4 15. f3 Bb6+ 16. Kh1 Be6 17. a4 Bd4 18. b5 Qf6 19. Qe1 c5 20. Nd5 Bxd5 21. exd5 Rae8 22. Qc1 Bc3 23. Be3 Qe5 24. Be4 f5 25. f4 Qxe4 0-1

[Event "RE-2015-0-00152"]
[Site "LSS email"]
[Date "2015.04.20"]
[Round "?"]
[White "Whiteside, Robert"]
[Black "Rivas, Jesus"]
[Result "1/2-1/2"]
[WhiteElo "1584"]
[BlackElo "1454"]
[PlyCount "39"]
[EventDate "2015.01.25"]
[EventType "tourn (corr)"]
[EventRounds "6"]
[EventCountry "GER"]
[SourceTitle "Corr 2022"]
[Source "ChessBase"]
[SourceDate "2021.10.24"]
[SourceVersion "1"]
[SourceVersionDate "2021.10.24"]
[SourceQuality "1"]

1. e4 d6 2. d4 Nf6 3. Nc3 g6 4. f4 Bg7 5. Nf3 c5 6. dxc5 Qa5 7. Qd4 Nc6 8. Bb5 Qxb5 9. Qxf6 Bxf6 10. Nxb5 0-0 11. cxd6 exd6 12. Kf2 Bg4 13. Nxd6 Rfd8 14. Nxb7 Rdb8 15. e5 Rxb7 16. exf6 Bxf3 17. Kxf3 Nd4+ 18. Kg3 Nxc2 19. Rb1 Na3 20. Ra1 1/2-1/2

[Event "RE-2014-0-00146"]
[Site "LSS email"]
[Date "2014.12.19"]
[Round "?"]
[White "Whiteside, Robert"]
[Black "Rodriguez, Elsiomo"]
[Result "1/2-1/2"]
[WhiteElo "1392"]
[BlackElo "1459"]
[PlyCount "65"]
[EventDate "2014.08.23"]
[EventType "tourn (corr)"]
[EventRounds "6"]
[EventCountry "GER"]
[SourceTitle "Corr 2015"]
[Source "ChessBase"]
[SourceDate "2015.07.17"]
[SourceVersion "1"]
[SourceVersionDate "2015.07.17"]
[SourceQuality "1"]

1. e4 e6 2. d4 d5 3. e5 c5 4. c3 Nc6 5. Nf3 Qb6 6. Bd3 cxd4 7. cxd4 Bd7 8. 0-0 Nxd4 9. Nxd4 Qxd4 10. Nc3 a6 11. Re1 Ne7 12. Be3 Qxe5 13. Qg4 h5 14. Qf3 Bc6 15. Bf4 Qf6 16. Qg3 Nf5 17. Qf3 0-0-0 18. Rac1 Bd6 19. Nxd5 exd5 20. Be5 Bxe5 21. Qxf5+ Qxf5 22. Bxf5+ Kc7 23. Rxe5 Rhe8 24. Rxe8 Rxe8 25. Bd3 Kd6 26. Kf1 h4 27. Rd1 d4 28. Bc4 Bb5 29. Bxb5 axb5 30. Rxd4+ Kc5 31. Rxh4 Re7 32. a3 g6 33. Rb4 1/2-1/2

[Event "RE-2014-0-00146"]
[Site "LSS email"]
[Date "2014.12.15"]
[Round "?"]
[White "Shim Ng Min, Francis"]
[Black "Whiteside, Robert"]
[Result "0-1"]
[WhiteElo "1109"]
[BlackElo "1392"]
[PlyCount "64"]
[EventDate "2014.08.23"]
[EventType "tourn (corr)"]
[EventRounds "6"]
[EventCountry "GER"]
[SourceTitle "Corr 2015"]
[Source "ChessBase"]
[SourceDate "2015.07.17"]
[SourceVersion "1"]
[SourceVersionDate "2015.07.17"]
[SourceQuality "1"]

1. e4 e6 2. d4 d5 3. Nd2 Nf6 4. e5 Nfd7 5. f4 c5 6. c3 Nc6 7. Ndf3 cxd4 8. cxd4 Qb6 9. g3 Bb4+ 10. Kf2 f6 11. Kg2 0-0 12. Ne2 Be7 13. b3 fxe5 14. fxe5 a5 15. Nf4 Nd8 16. Bd3 Nf7 17. Bc2 Re8 18. Qd3 Nf8 19. h4 Nh6 20. Ng5 Nf5 21. Be3 Bd7 22. a4 Rec8 23. Rae1 Bb4 24. Re2 Rc3 25. Qxc3 Bxc3 26. Bxf5 exf5 27. Kh2 Qxb3 28. Rc1 h6 29. Ngh3 Bxa4 30. Nxd5 Qxd5 31. Rxc3 Bc6 32. Nf4 Qh1# 0-1

[Event "RE-2014-0-00146"]
[Site "LSS email"]
[Date "2014.12.15"]
[Round "?"]
[White "Whiteside, Robert"]
[Black "Brueckner, Helmut"]
[Result "0-1"]
[WhiteElo "1392"]
[BlackElo "1640"]
[PlyCount "38"]
[EventDate "2014.08.23"]
[EventType "tourn (corr)"]
[EventRounds "6"]
[EventCountry "GER"]
[SourceTitle "Corr 2015"]
[Source "ChessBase"]
[SourceDate "2015.07.17"]
[SourceVersion "1"]
[SourceVersionDate "2015.07.17"]
[SourceQuality "1"]

1. e4 e5 2. Nf3 Nc6 3. Bb5 a6 4. Ba4 Nf6 5. 0-0 Be7 6. Qe2 b5 7. Bb3 d6 8. a4 Bg4 9. c3 0-0 10. h3 Bxf3 11. Qxf3 Na5 12. Bc2 d5 13. Qf5 dxe4 14. Qxe5 Re8 15. Bxe4 Bd6 16. Bxh7+ Nxh7 17. Qf5 Nb3 18. Ra2 Qe7 19. d4 Nxc1 0-1

[Event "RE-2014-0-00146"]
[Site "LSS email"]
[Date "2014.12.15"]
[Round "?"]
[White "Whiteside, Robert"]
[Black "Stadler, Pavel"]
[Result "1-0"]
[WhiteElo "1392"]
[BlackElo "1347"]
[PlyCount "63"]
[EventDate "2014.08.23"]
[EventType "tourn (corr)"]
[EventRounds "6"]
[EventCountry "GER"]
[SourceTitle "Corr 2015"]
[Source "ChessBase"]
[SourceDate "2015.07.17"]
[SourceVersion "1"]
[SourceVersionDate "2015.07.17"]
[SourceQuality "1"]

1. e4 d6 2. d4 Nf6 3. Nc3 g6 4. f4 Bg7 5. Nf3 c6 6. Be3 0-0 7. Qd2 b5 8. a3 Nbd7 9. 0-0-0 a5 10. e5 Ng4 11. h3 Nxe3 12. Qxe3 b4 13. Na4 Nb6 14. Nxb6 Qxb6 15. a4 Be6 16. b3 Bd5 17. h4 Rac8 18. h5 Bxf3 19. Qxf3 d5 20. f5 c5 21. h6 Bh8 22. fxg6 fxg6 23. Qxd5+ e6 24. Qe4 cxd4 25. Bc4 Rcd8 26. Rhf1 Rfe8 27. Rd3 Rd7 28. Rg3 Ree7 29. Rxg6+ hxg6 30. Qxg6+ Bg7 31. h7+ Kh8 32. Rf8+ 1-0